书目信息 |
| 题名: |
艺文类聚
|
|
| 作者: | 欧阳询 撰 | |
| 分册: | 上 | |
| 出版信息: | 上海 上海古籍出版社 1979 |
|
| 页数: | 1110页 | |
| 开本: | 19cm | |
| 丛书名: | ||
| 单 册: | ||
| 中图分类: | Z221 | |
| 科图分类: | ||
| 主题词: | 百科全书--中国--唐代 | |
| 电子资源: | ||
| ISBN: | ||
| 000 | 00494nam0 2200181 45 | |
| 001 | 0181014609 | |
| 005 | 20060629162317.81 | |
| 010 | @b精装 | |
| 100 | @a20810111d1979 km y0chiy0120 ea | |
| 101 | 0 | @achi |
| 200 | 1 | @a艺文类聚@AYi Wen Lei Ju@h上@f[唐]欧阳询撰@F[tang]ou yang xun zhuan |
| 210 | @a上海@c上海古籍出版社@d1979 | |
| 215 | @a1110页@d19cm | |
| 606 | 0 | @a百科全书@y中国@z唐代 |
| 690 | @aZ221@v3 | |
| 701 | 0 | @a欧阳询@Aou yang xun@4撰 |
| 801 | @aCN@bTSTC@c20060629 | |
| 905 | @dZ221@e117:1=2 | |
| 艺文类聚.上/[唐]欧阳询撰.-上海:上海古籍出版社,1979 |
| 1110页;19cm |
| ISBN (精装): |
| ● |
| 相关链接 |
|
|
|
|
正题名:艺文类聚
索取号:Z221/117:1=2
 
预约/预借
| 序号 | 登录号 | 条形码 | 馆藏地/架位号 | 状态 | 备注 |
| 1 | 0421228 | 204212280 | 密集书库/ [索取号:Z221/117:1=2] | 在馆 |